000
00333nam a2200133 a 4500
005
20140414131915.0
008
101015s19uu xx 00 eng d
050
_a
ER
_b
P57 2007
100
_a
Gerver, Jane
245
_a
PIrates.
260
_a
New York :
_b
Simon Spotlight / Nick Jr,
_c
2007.
440
_a
Lazy Town
999
_c
111445
_d
111445